000 00701nam a2200229Ia 4500
001 1570
003 GE_BSU
008 181216s||||||||xx |||||||||||||| ||und||
040 _cGE_BSU
080 _a624.014.2
100 _aЛихтарников,Я.М. Ладыженский,Д.В. Клыков, В.М.
245 _aРасчет стальных конструкции.
245 _bСправочное пособие
250 _a2-е изд. доп. и перераб
260 _aКиев
260 _bБудiвельник
260 _c1984
300 _a368стр. 20см.
541 _h10л.
653 _aРасчет стальных конструкции.
942 _cBK
999 _c35697
_d35697